Statistieken voor Landen die beginnen met K

Klik hier om de quiz te nemen!

Algemene statistieken

  • Deze quiz is 4.730 keer genomen
  • De gemiddelde score is 5 van 9

Antwoordstatistieken

Land% Correct
Kazachstan
78%
Kameroen
67%
Kroatië
67%
Kirgizië
65%
Kenia
59%
Kiribati
53%
Kosovo
52%
Kaapverdië
49%
Koeweit
45%

Scoreverdeling

Percentiel versus Aantal Correcte Antwoorden

Procent van Mensen met Elke Score

Uw Scoregeschiedenis

U heeft deze quiz nog niet genomen